000 00643nam a22001937a 4500
999 _c7416
_d7416
003 AR-CdUCM
008 190320b ||||| |||| 00| 0 spa d
040 _aMUNICIPALIDAD PROVINCIAL DEL CUSCO
_cBIBLIOTECA MUNICIPAL DEL CUSCO
082 _a375.79 /
_bT255
245 _aLa tecnología educacional :
_by la universidad /
260 _aNew York :
_bNations Plaza,
_c1969.
300 _a46 páginas ;
_c22 cm.
505 _aNueva tecnología educacional...
650 _aEducación.
_9460
650 _aUniversidad.
_91570
700 _aConsejo de Educación Superior en las Repúblicas Americanas
_920914
942 _2ddc
_cLIBROS
945 _awfj